[Event "EICC 2021"]
[Site "Reykjavik"]
[Date "2021.08.26"]
[Round "1.21"]
[White "Durarbayli, Vasif"]
[Black "Thorsteinsson, Thorsteinn"]
[Result "1-0"]
[WhiteElo "2625"]
[BlackElo "2260"]
[Annotator "TA"]
[PlyCount "75"]
[EventDate "2021.08.26"]
[EventType "swiss"]
[EventCountry "ISL"]
[Tiebreak "Cut1 Buchholz"]
[SourceTitle "playchess.com"]
[Source "ChessBase"]
[SourceQuality "1"]

{[%evp 18,75,68,49,65,48,45,54,70,54,56,50,67,66,77,70,68,63,72,65,80,65,79,79,
84,80,89,91,94,93,109,112,117,91,88,62,152,83,215,211,201,169,205,191,184,175,
256,245,469,383,395,368,387,378,919,887,29991,1268,29992,29993]} 1. e4 c5 2.
Nf3 g6 3. d4 cxd4 4. Nxd4 Bg7 5. c4 Nc6 6. Be3 Nf6 7. Nc3 O-O 8. Be2 d6 9. O-O
Bd7 10. Nc2 Ne5 {[#] B38: Sicilian: Maroczy Bind with 5...Bg7 and 7...0-0.} 11.
a4 $146 ({Predecessor:} 11. f3 a6 12. Qd2 Qc7 13. Na3 Rfc8 14. Rac1 Qa5 15. h3
Nc6 16. Rfd1 Be6 17. Nab1 Nd7 18. a3 {1/2-1/2 (35) Tomczak,J (2596)-Kveinys,A 
(2542) Warsaw 2017}) 11... Rc8 12. b3 a5 {White is slightly better.} 13. Qd2
Bc6 14. f3 Ned7 15. Rab1 b6 16. Rfd1 Nc5 17. Nd4 Bd7 18. Bf1 Re8 19. Qf2 Qc7
20. g3 Qb8 21. Bg2 Rcd8 22. h3 h5 23. g4 hxg4 24. hxg4 e5 25. Nde2 Bc6 26. Qh4
Ne6 (26... Qc7 $14) 27. Kf2 ({White should play} 27. Nd5 Bxd5 28. cxd5 (28.
exd5 Nc5 $16)) 27... Nh7 {[#] This move loses the game for Black.} (27... Kf8
$16 {was called for.}) 28. Rh1 $1 $18 Nef8 29. Rbd1 Qc7 30. Nd5 Bxd5 31. Rxd5 (
{Much less strong is} 31. cxd5 $6 Qc2 $14) 31... Bf6 (31... Rb8 $142 32. Nc3
Nf6) 32. g5 Be7 (32... Bg7 33. Nc3 f6 34. gxf6 Nxf6) 33. Bh3 Rb8 34. Nc3 Qd8 {
[%cal Re7g5]} 35. f4 f6 $2 {[#]} (35... exf4 36. Bxf4 Bxg5 37. Bxg5 Nxg5 38.
Qxg5 Qxg5 39. Rxg5 Nh7) 36. Be6+ $1 {[%mdl 512]} Kg7 (36... Kh8 37. Qh6) 37.
Qh6+ Kh8 38. f5 {Weighted Error Value: White=0.13/Black=0.56} 1-0

[Event "EICC 2021"]
[Site "Reykjavik"]
[Date "2021.08.26"]
[Round "1.22"]
[White "Koellner, Aaron Noah"]
[Black "Ter-Sahakyan, Samvel"]
[Result "0-1"]
[WhiteElo "2248"]
[BlackElo "2624"]
[Annotator "TA"]
[PlyCount "66"]
[EventDate "2021.08.26"]
[EventType "swiss"]
[EventCountry "ISL"]
[Tiebreak "Cut1 Buchholz"]
[SourceTitle "playchess.com"]
[Source "ChessBase"]
[SourceQuality "1"]

{[%evp 9,66,0,0,0,0,-7,0,-14,0,-27,-27,-24,-25,-72,-50,-66,-56,-66,-66,-57,-46,
-64,-32,-53,-34,-62,-68,-97,-102,-82,-72,-74,-79,-100,-46,-46,-20,-31,-37,-195,
-183,-358,-353,-353,-351,-339,-341,-532,-527,-524,-508,-492,-429,-943,-881,
-876,-868,-12836,-12836]} 1. d4 Nf6 2. Nf3 d5 3. Nbd2 Bf5 4. e3 e6 5. Be2 h6 6.
c4 {D04: Colle System.} c6 7. Ne5 Bd6 8. O-O {The position is equal.} O-O {[#]}
9. f4 $146 ({Predecessor:} 9. b3 Nbd7 10. Bb2 Re8 11. f4 Ne4 12. c5 Bc7 13. Bh5
Re7 14. b4 Nxd2 15. Qxd2 {1-0 (43) Muhammad,S-Asad Ullah,K (1517) Lahore 2015})
9... c5 10. cxd5 exd5 11. Ndf3 Nc6 12. Bd2 Rc8 13. Bc3 Ne4 14. Qb3 cxd4 15.
Bxd4 Nxd4 16. exd4 Qa5 17. Rfc1 Be6 18. Qb5 Qxb5 19. Bxb5 f6 20. Nd3 g5 21. Ba4
g4 ({Black should play} 21... Rc4 $17 22. Bb5 Rxc1+ 23. Rxc1 gxf4) 22. Nh4 $15
Rc4 23. Rxc4 dxc4 24. f5 $2 {This move loses the game for White.} Bd5 $36 {
[%mdl 2048] Black is in control.} ({Worse is} 24... cxd3 25. fxe6 Rc8 26. e7
$16) 25. Nf2 {[#]} (25. Ne1 {was called for.}) 25... Bxh2+ $1 {[%mdl 576] Decoy
} 26. Kxh2 {And now Nxe4 would win.} g3+ {[%mdl 64] Double Attack} ({Weaker is
} 26... Nxf2 27. Ng6 $15) 27. Kh3 {Strongly threatening Nxe4.} gxf2 28. Rf1 (
28. Nf3 $142) 28... c3 {Black is clearly winning.} 29. bxc3 Rc8 30. Kg4 Rxc3 {
White must now prevent ...Bc4.} 31. Kf4 {[#]} (31. Bb3 $142 Rxb3 32. axb3 Bxb3
33. Kf3) 31... Bc4 $1 32. Bb3 Rxb3 33. axb3 Bxf1 {Weighted Error Value:
White=0.61/Black=0.05} 0-1

[Event "EICC 2021"]
[Site "Reykjavik"]
[Date "2021.08.26"]
[Round "1.23"]
[White "Fridman, Daniel"]
[Black "Humburg, Philipp"]
[Result "1-0"]
[WhiteElo "2621"]
[BlackElo "2245"]
[Annotator "TA"]
[PlyCount "77"]
[EventDate "2021.08.26"]
[EventType "swiss"]
[EventCountry "ISL"]
[Tiebreak "Cut1 Buchholz"]
[SourceTitle "playchess.com"]
[Source "ChessBase"]
[SourceQuality "1"]

{[%evp 12,77,39,38,109,122,120,121,171,152,190,145,142,139,133,135,181,179,176,
159,182,174,235,228,1148,314,310,-369,309,299,278,281,270,174,172,165,173,148,
152,139,235,240,226,241,236,237,327,306,1117,393,362,330,29992,550,491,407,546,
428,575,566,552,397,588,545,945,945,952,948]} 1. d4 d5 2. c4 c6 3. Nf3 Nf6 4.
g3 e6 5. Bg2 Nbd7 6. O-O dxc4 7. a4 $1 {[#] The main line 7.a4 scores better
than 7.Qc2.} e5 $146 {E04: Open Catalan: 5 Nf3.} (7... a5 $14) ({Predecessor:} 
7... Be7 8. Qc2 b5 9. axb5 cxb5 10. Ne5 Nd5 11. Nc6 Qb6 12. Nxe7 Kxe7 13. e4
N5f6 14. Be3 Bb7 15. d5 Qd6 {1/2-1/2 (39) Svane,R (2613)-Deac,B (2625)
Playchess.com INT 2020}) 8. dxe5 $16 (8. Nxe5 $6 Nxe5 9. dxe5 Qxd1 $11) 8...
Ng4 9. Bf4 Qa5 {[%cal Rg4e5] [#]White is better.} 10. Qd4 $1 {aiming for Bd2.}
Nc5 {Hoping for ...Nb3.} 11. Qxc4 Be6 12. Qc3 Qxc3 13. Nxc3 Rd8 14. h3 Nh6 15.
g4 Be7 16. Rad1 O-O (16... a5 $142 17. Rxd8+ Kxd8) 17. g5 $18 Rd6 $2 {[#]} (
17... Nf5 18. e4 Rxd1) 18. Rd2 $2 (18. exd6 Bxg5 19. Bxg5) 18... Rxd2 19. Re1
$4 {[%mdl 8192]} ({Less strong is} 19. Nxd2 Nf5 $14) (19. Bxd2 $18 {was the
only winning move.} Nf5 20. e4) 19... Rd1 $4 {[%mdl 8192]} 20. Rxd1 {White
stays focused until the end.} Bb3 21. Rd2 ({Don't play} 21. gxh6 $6 Bxd1 22.
Nxd1 Rd8 $18) 21... Ne6 22. gxh6 Nxf4 23. Rd7 Bc5 24. hxg7 Kxg7 25. Rxb7 Bc4 (
25... Be6 $16 {was called for.}) 26. e3 Ba6 27. Rc7 Ne6 28. Rd7 ({Don't take} 
28. Rxc6 $6 Bb7 $16) 28... Rb8 29. Ne4 Rb5 $2 (29... Bc8) 30. b3 $2 (30. axb5
Bxb5 31. Nxc5 Nxc5 32. Rxa7) 30... Rxb3 31. Nxc5 Rb2 $2 (31... Nxc5 $18 32. Rc7
Bd3 33. Rxa7 Rb1+ 34. Kh2 Kg8) 32. Rxa7 (32. Nxe6+ $142 Kh6 33. Rxf7 Rb1+ 34.
Kh2 Rh1+ 35. Bxh1 Bd3 36. Rf6+ Bg6 37. Nh4 a5 38. Nf5+ Kh5 39. Bf3#) 32... Nxc5
33. Nd4 Kg6 34. Kh2 h5 35. Kg3 Bc4 36. h4 Rb4 (36... Bd5 {was necessary.} 37.
Bxd5 cxd5) 37. Rc7 {White is clearly winning.} Rb6 38. Nxc6 Kg7 39. Ne7 {
Weighted Error Value: White=1.00/Black=0.89} 1-0

[Event "EICC 2021"]
[Site "Reykjavik"]
[Date "2021.08.26"]
[Round "1.25"]
[White "Svane, Rasmus"]
[Black "Papidakis, Georgios"]
[Result "1-0"]
[WhiteElo "2615"]
[BlackElo "2228"]
[Annotator "TA"]
[PlyCount "61"]
[EventDate "2021.08.26"]
[EventType "swiss"]
[EventCountry "ISL"]
[Tiebreak "Cut1 Buchholz"]
[SourceTitle "playchess.com"]
[Source "ChessBase"]
[SourceQuality "1"]

{[%evp 9,61,14,15,19,12,16,17,20,58,44,67,40,50,45,56,35,39,45,55,54,91,72,73,
63,62,63,61,49,54,50,61,54,200,190,203,203,402,417,394,316,352,271,584,583,727,
791,896,877,960,956,1192,1117,1070,1096]} 1. Nf3 Nf6 2. g3 d5 3. Bg2 c6 4. O-O
Bg4 5. h3 Bh5 6. d4 {A07: Réti Opening: New York and Capablanca Systems.} e6 7.
c4 Be7 8. Ne5 {[#] The position is equal.} Bg6 $146 ({Predecessor:} 8... Nbd7
9. Nc3 O-O 10. g4 Bg6 11. Nxg6 hxg6 12. b3 Bb4 13. Qc2 Bxc3 14. Qxc3 Ne4 {
1/2-1/2 (42) Donchenko,A (2646)-Sargissian,G (2682) Chess.com INT 2020}) 9. Nd2
O-O 10. b3 a5 11. Nxg6 hxg6 12. a3 Nbd7 13. Bb2 b5 14. c5 b4 15. Qc2 Qc7 16.
axb4 axb4 17. Ra4 Rxa4 18. bxa4 e5 19. e3 Ra8 20. Ra1 Nb8 {This costs Black
the game.} (20... Nf8 $14) 21. dxe5 $18 Nfd7 22. e4 Bxc5 $2 (22... Nxe5 23.
exd5 cxd5 24. Bxd5 Nbc6) 23. exd5 cxd5 {[#] And now ...Bxf2+! would win.} 24.
Nb3 Na6 25. Bxd5 Re8 (25... Rd8 {is tougher.} 26. Rd1 (26. Qxg6 Bxf2+ 27. Kxf2
Ndc5 $16) 26... Bb6 27. Bxf7+ {[%mdl 64] Remove Defender, Decoy} Kxf7 28. e6+ {
[%mdl 64] Double Attack} Kg8 29. Qxc7 (29. Qxg6 Nf6 $18) 29... Bxc7) 26. Rc1 {
White is clearly winning.} Qa7 27. e6 fxe6 28. Qxg6 {[%csl Gb2][%cal Rg6g7] [#]
} Nf8 29. Qxe8 Bxf2+ 30. Kg2 exd5 31. Rc8 {Weighted Error Value: White=0.11/
Black=0.51} 1-0

[Event "EICC 2021"]
[Site "Reykjavik"]
[Date "2021.08.26"]
[Round "1.26"]
[White "Lorscheid, Gerhard"]
[Black "Erdos, Viktor"]
[Result "0-1"]
[WhiteElo "2202"]
[BlackElo "2614"]
[Annotator "TA"]
[PlyCount "34"]
[EventDate "2021.08.26"]
[EventType "swiss"]
[EventCountry "ISL"]
[Tiebreak "Cut1 Buchholz"]
[SourceTitle "playchess.com"]
[Source "ChessBase"]
[SourceQuality "1"]

{[%evp 9,34,-25,-18,-25,-31,-78,-44,-60,-57,-56,-76,-181,-183,-188,-188,-187,
-187,-181,-156,-186,-156,-203,-190,-367,-340,-705,-474]} 1. c4 e5 2. Nc3 Bb4 3.
Nd5 Bc5 4. b4 Bf8 5. Rb1 c6 6. Nc3 {A21: English Opening: 1...e5 2 Nc3.} d5 {
[#]} 7. d4 $146 ({Predecessor:} 7. cxd5 cxd5 8. d3 Nf6 9. Bg5 d4 10. Ne4 Nc6
11. a3 Be7 12. Bxf6 gxf6 13. Nf3 {1-0 (62) Sargissian,G (2680)-Volkov,S (2623)
Rijeka 2010}) 7... dxc4 8. dxe5 {Black is slightly better.} Qxd1+ 9. Kxd1 b5 {
Strongly threatening ...a5.} 10. Nf3 (10. e4 $17) 10... a5 $19 11. a3 axb4 12.
axb4 Na6 13. Bd2 Nh6 14. Nd4 Ng4 (14... Bxb4 15. Nxc6 Bxc3 16. Bxc3 $17) 15.
Ke1 Nxb4 ({Don't take} 15... Bxb4 16. g3 $17) ({Resist} 15... Nxe5 16. g3 $17)
16. Ncxb5 $2 (16. h3 Nxe5 17. f4) 16... cxb5 17. Bxb4 {[#]} (17. h3 Bf5 18. Rc1
) 17... Ra1 $3 {[%mdl 512] Black took control after the opening.  Weighted
Error Value: White=0.76/Black=0.07} 0-1

[Event "EICC 2021"]
[Site "Reykjavik"]
[Date "2021.08.26"]
[Round "1.27"]
[White "Bartel, Mateusz"]
[Black "Thorhallsson, Simon"]
[Result "1-0"]
[WhiteElo "2611"]
[BlackElo "2199"]
[Annotator "TA"]
[PlyCount "51"]
[EventDate "2021.08.26"]
[EventType "swiss"]
[EventCountry "ISL"]
[Tiebreak "Cut1 Buchholz"]
[SourceTitle "playchess.com"]
[Source "ChessBase"]
[SourceQuality "1"]

{[%evp 9,51,-8,-8,-3,-8,-13,0,3,-6,0,0,1,12,-1,27,33,46,29,95,93,69,78,112,101,
104,97,109,98,264,230,295,263,329,328,637,618,704,697,764,765,761,756,752,758]
} 1. e4 e6 2. Qe2 c5 3. Nf3 Nc6 4. g3 g6 5. Bg2 Bg7 6. c3 {C00: French:
Unusual White 2nd moves.} Nge7 7. h4 h6 8. d4 $5 {[%mdl 4] The position is
equal. Leaves trodden paths.} cxd4 9. cxd4 Nxd4 10. Nxd4 Bxd4 11. Nc3 Bg7 12.
O-O d6 13. Rd1 {[%mdl 1024] [#] Black must now prevent Nb5. White has
compensation.} a6 $146 (13... O-O $11 {keeps the balance.}) ({Predecessor:} 
13... O-O 14. Be3 Nc6 15. Nb5 e5 16. Rxd6 Qa5 17. Bd2 Qb6 18. Be3 Qa5 19. Bd2
Qb6 20. Be3 {1/2-1/2 (20) Rodriguez Vila,A (2502)-Bachmann,A (2563) Asuncion
2010}) 14. Be3 $16 O-O 15. Rd3 Qc7 16. Qd2 Kh7 17. Rxd6 Nc6 18. Na4 Ne5 $2 {
[#] A mistake that costs the game.} (18... e5 $16) 19. Nb6 Rb8 20. Rc1 Qe7 21.
Bc5 {Rd4 is the strong threat.} Re8 $2 (21... Qe8 22. f4 Nc6) 22. f4 $18 {
White is clearly winning.} Ng4 {[#]} 23. Rd7 $1 {[%mdl 576] Discovered Attack}
Qf6 (23... Qxc5+ 24. Rxc5) 24. e5 Qf5 25. Re7 Rxe7 26. Bxe7 {Weighted Error
Value: White=0.06/Black=0.45} 1-0

[Event "EICC 2021"]
[Site "Reykjavik"]
[Date "2021.08.26"]
[Round "1.28"]
[White "Wecker, Martin"]
[Black "Bosiocic, Marin"]
[Result "1-0"]
[WhiteElo "2195"]
[BlackElo "2610"]
[Annotator "TA"]
[PlyCount "57"]
[EventDate "2021.08.26"]
[EventType "swiss"]
[EventCountry "ISL"]
[Tiebreak "Cut1 Buchholz"]
[SourceTitle "playchess.com"]
[Source "ChessBase"]
[SourceQuality "1"]

{[%evp 18,57,17,12,12,11,21,33,121,96,112,135,142,125,112,57,63,68,113,107,439,
438,432,433,437,435,424,400,740,777,1121,1108,1112,1102,1069,824,943,574,1053,
591,1175,1152]} 1. Nf3 d6 2. d4 Nf6 3. c4 g6 4. g3 Bg7 5. Bg2 c6 6. Nc3 Bf5 7.
O-O O-O 8. Re1 Ne4 9. Qb3 {The main line 9.Qb3 scores better than 9.Nxe4.} Nxc3
10. bxc3 Bc8 {E62: King's Indian: Fianchetto: 6...c6 and Panno Variation (6...
Nc6) without ...a6.} 11. e4 c5 12. e5 dxe5 (12... Nc6 $14) 13. Nxe5 $16 {[#]}
Nd7 $146 ({Predecessor:} 13... cxd4 14. Bxb7 Bxe5 15. Bxa8 Nd7 16. Bh6 Re8 17.
Rad1 d3 18. Rxd3 Qc7 19. Rde3 Nc5 {1-0 (39) Tarigan,G (2149)-Ivic,V (2548)
Chess.com INT 2020}) 14. Nxd7 ({Don't play} 14. Bxb7 Rb8 $11) 14... Qxd7 15.
dxc5 Qc7 16. Ba3 (16. Qa3 $16) 16... Bf6 $14 17. Rab1 {[%cal Rg2b7]} Rb8 18. c6
$1 {[%cal Rc6b7]} Bf5 $2 {[%mdl 8192] [#] Black cannot hold the game after
this.} (18... b6 $16) 19. cxb7 $18 Bxb1 20. Rxb1 ({Less strong is} 20. Qxb1
Qxc4 21. Bxe7 Bxe7 $16) 20... Rfd8 21. c5 Rd3 22. c6 Qe5 (22... Rxc3 $142 23.
Qa4 a5) 23. Qa4 {White is clearly winning.} a5 24. Qf4 g5 25. Qxe5 Bxe5 26.
Bxe7 h6 27. Bf6 Bc7 28. Bd4 Rd8 29. Bb6 {Weighted Error Value: White=0.77/
Black=0.62} 1-0

[Event "EICC 2021"]
[Site "Reykjavik"]
[Date "2021.08.26"]
[Round "1.29"]
[White "Piorun, Kacper"]
[Black "Gombocz, Ferenc Jr."]
[Result "1-0"]
[WhiteElo "2608"]
[BlackElo "2191"]
[Annotator "TA"]
[PlyCount "115"]
[EventDate "2021.08.26"]
[EventType "swiss"]
[EventCountry "ISL"]
[Tiebreak "Cut1 Buchholz"]
[SourceTitle "playchess.com"]
[Source "ChessBase"]
[SourceQuality "1"]

{[%evp 13,115,32,28,35,33,33,39,16,27,20,25,20,20,20,24,18,23,20,27,23,26,29,
36,30,34,-2,38,0,51,47,35,36,166,169,214,212,197,197,248,256,239,236,214,102,
142,111,113,78,65,0,106,0,57,84,230,243,235,219,223,209,235,199,406,420,454,
447,433,424,438,439,455,457,659,620,562,293,341,283,380,278,654,652,981,965,
1109,596,545,526,5010,5002,29974,29975,29975,29976,29976,4578,29977,29978,
29978,29979,29979,29979,29977,12845]} 1. e4 e5 2. Nf3 Nc6 3. Bc4 Nf6 4. d3 Be7
5. O-O O-O 6. Re1 d6 7. a4 $1 {7.a4 is better than 7.c3.} Na5 8. Ba2 {C55: Two
Knights: 4 d3, 4 d4 exd4 5 e5 and Max Lange Attack.} c5 9. c3 Nc6 10. h3 {
White is slightly better.} h6 11. Na3 {[%cal Bb1a3,Ba3c2,Bc2e3,Be3d5][%mdl 32]}
Re8 12. Nc2 Bf8 13. Ne3 Be6 14. Bxe6 Rxe6 15. Nd5 Re8 {[#]} 16. Qb3 $146 ({
Predecessor:} 16. Nxf6+ Qxf6 17. Qb3 b6 18. Qb5 Rec8 19. Nd2 Be7 20. Nc4 Bd8
21. Ne3 Qe6 22. Qc4 {1/2-1/2 (30) Jakovenko,D (2719)-Yu,Y (2751) Shenzhen 2019}
) 16... Na5 17. Qa2 Nc6 18. Bd2 Nxd5 19. exd5 Ne7 20. a5 Qd7 (20... b5 $11) 21.
b4 $14 b6 22. c4 f5 ({Black should play} 22... cxb4 $14 23. Reb1 (23. Bxb4 b5
$11) 23... b5) 23. axb6 $18 axb6 24. Qxa8 Rxa8 25. Rxa8 {aiming for Rea1.} Qb7
(25... f4 $142 26. Ra6 Qb7) 26. Rea1 Nc8 27. bxc5 bxc5 28. R8a5 (28. Nh4 $18 {
and White stays clearly on top.}) 28... Qb3 29. Ne1 {Hoping for Rb5.} Qb2 30.
R1a2 Qb1 31. Ra1 Qb2 32. R1a2 Qb1 33. Bc3 $36 {[%mdl 2048] White has strong
initiative. White now steadily converts the win.} e4 (33... Ne7 $16 {might
work better.}) 34. Ra1 $1 {[%cal Ra1b1]} Qb3 35. R5a3 Qb6 36. dxe4 fxe4 37. Nc2
g6 $2 (37... Be7 38. Ne3 Kf7) 38. Ne3 Bg7 39. Bxg7 Kxg7 40. Ra5 Qb2 41. Rd1 h5
42. Rb5 Qe2 (42... Qa2 $142 43. Rb8 Ne7) 43. Rb7+ Kf6 {and the idea ...Ne7
leaves Black hopeful.} 44. Rd7 Qb2 45. Re1 Kg5 46. Rd8 Ne7 $2 (46... Qb4 47.
Rf1 Qb7) 47. Rxd6 Qc3 48. Rd1 Nf5 49. h4+ Kf4 50. Nxf5 gxf5 {[%mdl 4096]
Endgame KQ-KRR} 51. Re6 Qxc4 52. g3+ Kf3 {[#]} 53. Re1 $1 Qxd5 {[#]} 54. Re3+
$1 Kg4 {[#]} 55. Kh2 $1 {[%cal Re6g6][%mdl 512] White mates.} Qxe6 56. f3+ $1 {
[%mdl 64] Promotion} exf3 57. Rxe6 {[%cal Re6g6]} f2 58. Kg2 {[%cal Re6g6]
Weighted Error Value: White=0.27/Black=0.50} 1-0

[Event "EICC 2021"]
[Site "Reykjavik"]
[Date "2021.08.26"]
[Round "1.30"]
[White "Gueci, Tea"]
[Black "Antipov, Mikhail Al."]
[Result "0-1"]
[WhiteElo "2188"]
[BlackElo "2607"]
[Annotator "TA"]
[PlyCount "72"]
[EventDate "2021.08.26"]
[EventType "swiss"]
[EventCountry "ISL"]
[Tiebreak "Cut1 Buchholz"]
[SourceTitle "playchess.com"]
[Source "ChessBase"]
[SourceQuality "1"]

{[%evp 15,72,24,21,14,26,14,0,5,1,-12,-16,-14,39,0,0,-54,-53,-58,-37,-70,-58,
-72,-70,-72,-69,-67,-55,-49,-43,-49,-35,-53,-52,-87,-85,-83,-54,-60,-53,-83,
-73,-116,-112,-113,-101,-206,-200,-191,-194,-199,-184,-247,-256,-472,-452,-960,
-872,-1590,-1579]} 1. e4 c5 2. Nf3 d6 3. Bb5+ Nd7 4. c3 Ngf6 5. Qe2 a6 6. Ba4
b5 7. Bc2 Bb7 8. O-O e6 9. d4 {B51: Sicilian: Moscow Variation (3 Bb5+)
without 3...Bd7.} Be7 10. Re1 O-O 11. Nbd2 {The position is equal.} Qc7 12. Nf1
Rac8 13. Bd3 e5 {[#]} (13... cxd4 $11 14. cxd4 e5) 14. dxe5 $146 ({Predecessor:
} 14. d5 c4 15. Bc2 Nc5 16. Ng3 g6 17. h3 a5 18. Nh2 Ba6 19. Bh6 Rfe8 20. Qe3 {
1-0 (51) Sergienko,S (2383)-Kohlweyer,B (2437) Prague 2014}) 14... dxe5 15. Ng3
(15. c4 $11) 15... c4 $15 16. Bc2 Nc5 {[%cal Bd7c5,Bc5e6,Be6f4][%mdl 32]} 17.
Bg5 g6 18. Rad1 Ne6 19. Bh6 Rfe8 20. h3 Bc5 21. Nh2 $1 Nf4 22. Qf3 Rcd8 23. Bg5
Be7 $36 {[%mdl 2048] Black is more active.} 24. Bxf6 Bxf6 25. Ne2 Nxe2+ 26.
Qxe2 Bg5 27. Ng4 Qc5 28. b4 cxb3 29. Bxb3 {[#]} Kg7 $1 ({Much worse is} 29...
Qxc3 $6 30. h4 $11) 30. Rd3 ({Not} 30. Qf3 $2 f5 $19) (30. c4 $17) 30... Rxd3
$19 31. Qxd3 {[#]} Rd8 $1 {[%cal Rd8d3]} 32. Qg3 f6 33. Nh2 (33. h4 {keeps
fighting.} Bf4 34. Qh3) 33... Bf4 34. Qh4 (34. Qf3 {might work better.} f5 35.
Bd5 Bxd5 36. exd5) 34... Qxc3 {Black is clearly winning.} 35. Nf3 (35. f3 $142
Be3+ 36. Kh1) 35... h5 36. Be6 {[#]} Bxe4 $1 {[%mdl 512] Weighted Error Value:
White=0.54/Black=0.07} 0-1

[Event "EICC 2021"]
[Site "Reykjavik"]
[Date "2021.08.26"]
[Round "1.32"]
[White "Player, Edmund C"]
[Black "Keymer, Vincent"]
[Result "0-1"]
[WhiteElo "2172"]
[BlackElo "2602"]
[Annotator "TA"]
[PlyCount "90"]
[EventDate "2021.08.26"]
[EventType "swiss"]
[EventCountry "ISL"]
[Tiebreak "Cut1 Buchholz"]
[SourceTitle "playchess.com"]
[Source "ChessBase"]
[SourceQuality "1"]

{[%evp 12,90,10,4,10,10,21,22,14,-20,-11,-7,-10,-10,-12,-22,19,22,12,10,7,0,0,
0,40,37,46,28,232,204,291,279,306,298,294,278,331,330,300,240,550,100,92,48,72,
55,87,55,43,0,0,0,0,0,0,0,0,0,54,43,101,0,0,0,0,0,0,-8,148,-265,-271,-267,-41,
-424,103,-279,-39,-864,-617,-29977,-221]} 1. e4 c5 2. Nf3 d6 3. d4 cxd4 4. Nxd4
Nf6 5. Nc3 a6 6. h3 e5 7. Nde2 h5 {B90: Sicilian Najdorf: Unusual White 6th
moves, 6 Be3 Ng4 and 6 Be3 e5.} 8. g3 Be6 9. Bg2 b5 $1 {The position is equal.
9...b5 scores better than 9...Nbd7.} 10. Nd5 Nxd5 11. exd5 Bf5 {[#]} 12. O-O
$146 ({Predecessor:} 12. a4 b4 13. c3 bxc3 14. Nxc3 Be7 15. O-O Nd7 16. Na2 Rb8
17. b4 Nf6 18. Kh2 {1/2-1/2 (31) Zeghachov,D (2298)-Jenkins,R (2293) ICCF
email 2019}) 12... Qc8 13. Kh2 Bxc2 14. Qe1 Be7 15. f4 e4 16. Bd2 Bd3 17. Rc1
Qd7 18. f5 O-O 19. f6 $1 {[%cal Rf6e7]} gxf6 (19... Bxf6 $11 {and Black has
nothing to worry.} 20. Rxf6 gxf6) 20. Rf4 $18 Re8 (20... e3 {was worth a try.})
21. Bxe4 Bxe4 22. Rxe4 f5 23. Re3 a5 24. Nf4 (24. Bxa5 Bf6 $14) 24... Na6 {
[%cal Bb8a6,Ba6c5,Bc5e4,Be4d2][%mdl 32]} 25. Qe2 (25. Bxa5 Nc5 $16) 25... Bg5
$2 (25... Bf6 {is a better chance.} 26. Nxh5 (26. Qxh5 Rxe3 27. Bxe3 Re8 $16)
26... Bd4) 26. Re1 $2 (26. Qxh5 $18 {and the rest is easy.} Bf6 27. Bc3 $1 {
[%mdl 512]}) 26... Rxe3 $16 27. Qxe3 {Hoping for h4.} f6 28. Qe2 (28. Nxh5 $2
Bxe3 29. Nxf6+ Kf7 $19) (28. Bxa5 Nc5 $11) 28... Nc5 29. Qxh5 {Qg6+ is the
strong threat.} Ne4 $1 30. Qg6+ Qg7 31. Qxg7+ Kxg7 32. Ne6+ Kg6 33. Bxg5 fxg5
$11 {[%mdl 4096] Endgame KRN-KRN} 34. g4 Nd2 ({Better is} 34... Kf6 $11) 35.
Nd4 $14 {Strongly threatening Re2.} f4 (35... fxg4 $14 36. hxg4 Rf8) 36. Re2 (
36. Re6+ $16 Kg7 37. Kg2 (37. Nxb5 Rc8 $11) (37. Rxd6 f3 $16)) 36... Nf1+ $11
37. Kg1 Ne3 38. Nxb5 Rh8 39. Nxd6 Rh7 $2 (39... Rxh3 $11 40. Ne4 Nxg4) 40. h4
$2 {[%mdl 8192]} (40. Ne4 $16 {is forced if you want to stay better.} Re7 41.
Nc3 Nxd5 42. Rxe7 Nxe7 43. a3) 40... Rxh4 $19 (40... gxh4 41. Ne4 $11) 41. Nc8
Rh3 $2 ({Less strong is} 41... Nxg4 42. Ne7+ Kh5 43. Nf5 $17) ({Weaker is} 
41... Nxd5 42. Re6+ Kg7 43. Nd6 $15) (41... Rxg4+ $19 42. Kh1 Nxd5) 42. Rg2 $2
{[%mdl 8192]} Nxg4 $2 43. d6 $2 {[%mdl 8192]} (43. Rxg4 $16 Kh5 44. Rg2) 43...
Kh5 $2 (43... Ne5 $19 {aiming for ...Kf5.} 44. a3 Rd3) 44. Rc2 $2 {[%mdl 8192]}
(44. Rd2 $15 Ne5 45. Rd5 (45. d7 $2 Nf3+ {[%mdl 64] Double Attack} 46. Kf1 Rh1+
47. Kg2 Rh2+ 48. Kxf3 Rxd2 $19)) 44... Rd3 {Threatens to win with ...Rd1+.} 45.
Kg2 Rd1 $2 {Black used his chance.  Weighted Error Value: White=1.01/Black=0.72
} (45... f3+ {mates} 46. Kh3 f2+ 47. Kg2 {[#]} Rg3+ $3 {[%mdl 576] Deflection,
Promotion} 48. Kxg3 f1=Q 49. Nb6 Qd3+ {[%mdl 64] Double Attack} 50. Kg2 Qxc2+ {
[%mdl 64] Double Attack} 51. Kf3 Qd3+ {[%mdl 64] Double Attack} 52. Kg2 Qe2+ {
[%mdl 64] Double Attack} 53. Kg3 Qf2+ {[%mdl 64] Double Attack} 54. Kh3 Qh2#)
0-1